| 000 | 00631nam a2200193Ia 4500 | ||
|---|---|---|---|
| 003 | GCL | ||
| 008 | 140319s9999 xx 000 0 ara d | ||
| 040 |
_aGCL / _cGCL |
||
| 082 | 0 | 4 |
_a301.16 _bس ا |
| 100 | 1 | _aسامية محمد جابر | |
| 245 | 1 | 0 |
_aالاتصال الجماهيرى والمجتمع الحديث: النظرية والتطبيق / _cسامية محمد جابر |
| 260 |
_a[S.N] : _bدار المعرفة الجامعية ، _c1994 |
||
| 490 | _a | ||
| 650 | 0 | 4 | _aالصحافة |
| 650 | 0 | 4 | _aالاتصال |
| 650 | 0 | 4 | _aوسائل الاعلام |
| 650 | 0 | 4 | _aالراى العام |
| 942 |
_2ddc _cBK |
||
| 999 |
_c54696 _d54696 |
||